Controversial Countries on a Map - Statistics

General Stats
  • This quiz has been taken 61 times
    28 since last reset
  • The average score is 13 of 16
Answers on the Map
Answers color-coded by a green-red scale on the quiz's map according to % correct below.
 
Answer Stats
Unrecognized by: Recognized by: Answer % Correct
Guatemala, Honduras, Haiti, 12 more China, India, USA, 175 more China
100%
Turkey, (Non-UN) TRNC China, India, USA, 189 more Cyprus
100%
Japan, France, South Korea, 1 more China, India, USA, 186 more North Korea
100%
USA, Mexico, Japan, 52 more China, India, Indonesia, 134 more Palestine
100%
North Korea China, India, USA, 190 more South Korea
100%
China, India, USA, 189 more Russia Afghanistan
96%
Indonesia, Pakistan, Bangladesh, 25 more China, India, USA, 165 more Israel
93%
China, India, Indonesia, 93 more USA, Pakistan, Bangladesh, 94 more Kosovo
93%
PRC, India, USA, 177 more Belize, Guatemala, Haiti, 10 more Taiwan
89%
China, India, USA, 147 more Nigeria, Mexico, Ethiopia, 40 more Sahrawi Arab Democratic Republic
81%
China, India, USA, 189 more Turkey Turkish Republic of Northern Cyprus
78%
China, India, USA, 190 more None Catalonia
74%
China, India, USA, 189 more Israel Somaliland
70%
China, India, USA, 190 more (All non-UN) Abkhazia, South Ossetia Transnistria
56%
China, India, USA, 184 more Russia, Venezuela, Syria, 3 more Abkhazia
52%
China, India, USA, 185 more Russia, Venezuela, Syria, 2 more South Ossetia
52%
No matching quizzes found
Score Distribution
Percent of People with Each Score
Percentile by Number Answered
Your Score History
You have not taken this quiz since the last reset